000 00740nam a2200253Ia 4500
003 OSt
005 20220927113518.0
006 a|||||r|||| 00| 0
007 ta
008 220926b |||||||| |||| 00| 0 eng d
020 _c625.00
024 _a152
037 _b"1653, 15/02/2018, Dhanraj Book House"
_cTextbook
040 _aRTL
_cRTL
_beng
041 _2eng
_aeng
100 _aPAREEK Udai
_9386081
245 0 _aUnderstanding organizational behaviour
250 _a4th
260 _aNew
_b"Delhi, Oxford University Press, "
_c2016
300 _a"xxiv,687p"
_ccm.
700 _a KHANNA sushama
_9386082
942 _cCC
999 _c702198
_d702198